[Event "GER-ch Seniors 65"]
[Site "Hamburg"]
[Date "2018.07.24"]
[Round "4"]
[White "Elkendorf, Werner"]
[Black "Rudolph, Karl Heinz"]
[Result "0-1"]
[WhiteElo "1587"]
[BlackElo "1625"]
[PlyCount "54"]
[EventDate "2018.07.21"]
[EventType "swiss"]
[EventRounds "9"]
[EventCountry "GER"]
[SourceTitle "CBM 186 Extra"]
[Source "ChessBase"]
[SourceDate "2018.08.24"]
[SourceVersion "1"]
[SourceVersionDate "2018.08.24"]
[SourceQuality "1"]

1. d4 Nf6 2. Bf4 e6 3. Nf3 c5 4. e3 Nc6 5. c3 cxd4 6. exd4 Be7 7. Nbd2 0-0 8. Be2 d5 9. 0-0 Nh5 10. Be3 Bd6 11. Bg5 f6 12. Ne5 fxg5 13. Bxh5 Nxe5 14. dxe5 Bxe5 15. Nf3 Bc7 16. Re1 Qf6 17. g3 g6 18. Bg4 h5 19. Bxe6+ Bxe6 20. Nxg5 Qxf2+ 21. Kh1 Bg4 22. Qd3 Rf5 23. Rf1 Qe2 24. Qxe2 Bxe2 25. Rfe1 Re8 26. Kg2 Rxg5 27. h4 Rxg3+ 0-1

[Event "GER-chB Seniors 28th"]
[Site "Niederhausen"]
[Date "2016.08.18"]
[Round "6"]
[White "Walther, Renate"]
[Black "Elkendorf, Werner"]
[Result "0-1"]
[WhiteElo "1233"]
[BlackElo "1566"]
[PlyCount "82"]
[EventDate "2016.08.13"]
[EventType "swiss"]
[EventRounds "9"]
[EventCountry "GER"]
[SourceTitle "EXT 2019"]
[Source "ChessBase"]
[SourceDate "2018.10.10"]
[SourceVersion "1"]
[SourceVersionDate "2018.10.10"]
[SourceQuality "1"]

1. e4 c5 2. Nf3 d6 3. d4 cxd4 4. Nxd4 Nf6 5. Nc3 a6 6. Be2 g6 7. Be3 b5 8. a3 Bb7 9. f3 Nc6 10. Nxc6 Bxc6 11. 0-0 Bg7 12. Qd2 h5 13. Rab1 h4 14. h3 Nh5 15. Bf2 Bh6 16. Qe1 g5 17. Bd3 Bg7 18. Qe3 Nf4 19. Rbd1 Qc7 20. e5 Bxe5 21. Be4 Bxe4 22. Nxe4 f6 23. Nc3 Bxc3 24. bxc3 Rc8 25. Rd2 Qxc3 26. Re1 Qxe3 27. Bxe3 Ng6 28. Rde2 Kf7 29. Rf1 Rc4 30. Bxg5 fxg5 31. Re4 Rxc2 32. f4 Nxf4 33. Rfxf4+ gxf4 34. Rxf4+ Ke6 35. Re4+ Kd7 36. a4 bxa4 37. Rxa4 Rc6 38. Kf2 e5 39. Ke3 d5 40. Ra3 Rf8 41. Rd3 a5 0-1

[Event "GER-chB Seniors 28th"]
[Site "Niederhausen"]
[Date "2016.08.16"]
[Round "4"]
[White "Malik, Rosemarie"]
[Black "Elkendorf, Werner"]
[Result "1/2-1/2"]
[WhiteElo "1652"]
[BlackElo "1566"]
[PlyCount "37"]
[EventDate "2016.08.13"]
[EventType "swiss"]
[EventRounds "9"]
[EventCountry "GER"]
[SourceTitle "EXT 2019"]
[Source "ChessBase"]
[SourceDate "2018.10.10"]
[SourceVersion "1"]
[SourceVersionDate "2018.10.10"]
[SourceQuality "1"]

1. e4 c5 2. Nf3 d6 3. Bb5+ Bd7 4. Bxd7+ Nxd7 5. Nc3 Ngf6 6. d3 g6 7. 0-0 Bg7 8. Re1 0-0 9. h3 Re8 10. Bd2 Nb6 11. Qc1 Nfd7 12. Rb1 a6 13. b3 Qc8 14. Ne2 Ne5 15. Nxe5 Bxe5 16. Bc3 Qe6 17. Bxe5 Qxe5 18. Qb2 Nd7 19. Qxe5 1/2-1/2

[Event "GER-chB Seniors 27th"]
[Site "Magdeburg"]
[Date "2015.08.20"]
[Round "6"]
[White "Wiebke, Elfriede"]
[Black "Elkendorf, Werner"]
[Result "0-1"]
[WhiteElo "1318"]
[BlackElo "1615"]
[PlyCount "95"]
[EventDate "2015.08.15"]
[EventType "swiss"]
[EventRounds "9"]
[EventCountry "GER"]
[SourceTitle "EXT 2018"]
[Source "ChessBase"]
[SourceDate "2017.10.13"]
[SourceVersion "1"]
[SourceVersionDate "2017.10.13"]
[SourceQuality "1"]

1. e4 c5 2. Bc4 g6 3. Nf3 Bg7 4. 0-0 e6 5. e5 Nc6 6. c3 Nxe5 7. Nxe5 Bxe5 8. d4 cxd4 9. cxd4 Bg7 10. Re1 d5 11. Bb3 Ne7 12. Bc2 0-0 13. h3 Nc6 14. Be3 Qb6 15. Bb3 Bxd4 16. Bxd4 Nxd4 17. Nc3 Nxb3 18. axb3 Bd7 19. Kh1 Qxf2 20. Re2 Qh4 21. Re3 Bc6 22. Ne2 Qh6 23. Re5 a6 24. Nd4 Bd7 25. Rc1 Rac8 26. Nc2 Qg7 27. Qe1 Qh6 28. Re3 Qg7 29. Rc3 e5 30. Re3 e4 31. Rc3 Bc6 32. Nb4 d4 33. Rc4 Rfe8 34. Nxc6 Rxc6 35. Qb4 Rxc4 36. Rxc4 f6 37. Rxd4 b5 38. Qc5 e3 39. Qd5+ Qf7 40. Qxf7+ Kxf7 41. Rd7+ Re7 42. Rd1 h5 43. Re1 g5 44. Kg1 f5 45. b4 Kf6 46. Kf1 g4 47. h4 Re4 48. Rd1 0-1

[Event "GER-chB Seniors 26th"]
[Site "Bad Neuenahr"]
[Date "2014.08.13"]
[Round "9"]
[White "Elkendorf, Werner"]
[Black "Grueneschild, Hildegard"]
[Result "1-0"]
[WhiteElo "1617"]
[BlackElo "1536"]
[PlyCount "77"]
[EventDate "2014.08.05"]
[EventType "swiss"]
[EventRounds "9"]
[EventCountry "GER"]
[SourceTitle "EXT 2018"]
[Source "ChessBase"]
[SourceDate "2017.10.13"]
[SourceVersion "1"]
[SourceVersionDate "2017.10.13"]
[SourceQuality "1"]

1. d4 Nf6 2. Bf4 g6 3. e3 Bg7 4. Nd2 d6 5. Be2 0-0 6. a3 a6 7. b4 Nd5 8. Bg3 Nc3 9. Qc1 Nxe2 10. Nxe2 b5 11. Nb3 Bb7 12. 0-0 Nc6 13. Rb1 Rc8 14. c4 bxc4 15. Qxc4 Na7 16. Na5 Be4 17. Rbc1 Nb5 18. Qb3 Qd7 19. a4 Na7 20. Rfd1 c6 21. Nc3 Bd5 22. Nxd5 cxd5 23. h3 e6 24. Qa3 Rxc1 25. Rxc1 e5 26. Nb3 Rc8 27. dxe5 Rxc1+ 28. Nxc1 dxe5 29. Nd3 f6 30. Nc5 Qc6 31. Qb3 Nc8 32. e4 Ne7 33. exd5 Nxd5 34. Nxa6 Qxa6 35. Qxd5+ Kf8 36. Qd8+ Kf7 37. Qd7+ Kf8 38. a5 Qe2 39. Qd5 1-0

[Event "GER-chB Seniors 26th"]
[Site "Bad Neuenahr"]
[Date "2014.08.11"]
[Round "7"]
[White "Knobling, Rolf"]
[Black "Elkendorf, Werner"]
[Result "1/2-1/2"]
[WhiteElo "1632"]
[BlackElo "1617"]
[PlyCount "34"]
[EventDate "2014.08.05"]
[EventType "swiss"]
[EventRounds "9"]
[EventCountry "GER"]
[SourceTitle "EXT 2018"]
[Source "ChessBase"]
[SourceDate "2017.10.13"]
[SourceVersion "1"]
[SourceVersionDate "2017.10.13"]
[SourceQuality "1"]

1. e4 e5 2. f4 d5 3. exd5 Qxd5 4. fxe5 Qxe5+ 5. Qe2 Nc6 6. Nf3 Qe7 7. c3 Bg4 8. Qxe7+ Bxe7 9. Be2 Nf6 10. 0-0 0-0 11. h3 Bh5 12. Bb5 Nd8 13. d4 c6 14. Bd3 h6 15. Nbd2 Ne6 16. Nb3 b6 17. Be3 Bd6 1/2-1/2

[Event "GER-chB Seniors 26th"]
[Site "Bad Neuenahr"]
[Date "2014.08.09"]
[Round "5"]
[White "Elkendorf, Werner"]
[Black "Hartlaub, Marianne"]
[Result "0-1"]
[WhiteElo "1617"]
[BlackElo "1592"]
[PlyCount "35"]
[EventDate "2014.08.05"]
[EventType "swiss"]
[EventRounds "9"]
[EventCountry "GER"]
[SourceTitle "EXT 2018"]
[Source "ChessBase"]
[SourceDate "2017.10.13"]
[SourceVersion "1"]
[SourceVersionDate "2017.10.13"]
[SourceQuality "1"]

1. d4 d6 2. Bf4 Nf6 3. e3 Bf5 4. Bd3 Bxd3 5. Qxd3 e6 6. Ne2 Be7 7. 0-0 Nbd7 8. h3 0-0 9. Nd2 d5 10. a3 c5 11. c3 cxd4 12. cxd4 Rc8 13. Rac1 Qb6 14. b4 Rc6 15. b5 Rxc1 16. Rxc1 Qa5 17. Nb1 Rd8 18. f3 0-1

[Event "GER-chB Seniors 26th"]
[Site "Bad Neuenahr"]
[Date "2014.08.05"]
[Round "1"]
[White "Elkendorf, Werner"]
[Black "Huber, Helmut"]
[Result "1/2-1/2"]
[WhiteElo "1617"]
[BlackElo "1544"]
[PlyCount "51"]
[EventDate "2014.08.05"]
[EventType "swiss"]
[EventRounds "9"]
[EventCountry "GER"]
[SourceTitle "EXT 2018"]
[Source "ChessBase"]
[SourceDate "2017.10.13"]
[SourceVersion "1"]
[SourceVersionDate "2017.10.13"]
[SourceQuality "1"]

1. d4 Nf6 2. Bf4 d5 3. e3 e6 4. Bd3 Bd6 5. Ne2 0-0 6. 0-0 c5 7. c3 Nc6 8. Nd2 Bxf4 9. Nxf4 Qb6 10. b3 cxd4 11. cxd4 Bd7 12. Qe2 Nb4 13. Rfc1 Rac8 14. a3 Nxd3 15. Qxd3 Bb5 16. Qb1 Qa6 17. Qb2 Qd6 18. a4 Bd7 19. b4 b6 20. b5 Qb8 21. Nf3 Rxc1+ 22. Rxc1 Rc8 23. Ne5 Rc7 24. Nfd3 Qc8 25. Rxc7 Qxc7 26. Qc1 1/2-1/2

[Event "GER-ch Seniors"]
[Site "Dresden"]
[Date "2012.08.17"]
[Round "9"]
[White "Wiebke, Elfriede"]
[Black "Elkendorf, Werner"]
[Result "1/2-1/2"]
[WhiteElo "1398"]
[BlackElo "1625"]
[PlyCount "128"]
[EventDate "2012.08.09"]
[EventType "swiss"]
[EventRounds "9"]
[EventCountry "GER"]
[SourceTitle "EXT 2014"]
[Source "ChessBase"]
[SourceDate "2013.11.20"]
[SourceVersion "1"]
[SourceVersionDate "2013.11.20"]
[SourceQuality "1"]

1. e4 e5 2. Nf3 d6 3. Nc3 g6 4. h3 Bg7 5. Bc4 Nf6 6. 0-0 Nc6 7. Bb5 Bd7 8. d3 0-0 9. Bg5 a6 10. Bxc6 Bxc6 11. Re1 Qd7 12. Bxf6 Bxf6 13. Nh2 b5 14. Ng4 Bg7 15. Qe2 h5 16. Ne3 Qe7 17. Rf1 b4 18. Ncd5 Qd7 19. Nxb4 Bb5 20. c4 Bc6 21. Nxc6 Qxc6 22. f3 Qc5 23. Kh1 Bh6 24. Nd5 Kg7 25. Rg1 c6 26. Nc3 Be3 27. Na4 Qd4 28. Nc3 Bxg1 29. Rxg1 Rab8 30. Nd1 f5 31. exf5 Rxf5 32. Qe4 d5 33. Qe2 Rf7 34. Nc3 Rfb7 35. Na4 Rxb2 36. Nxb2 Rxb2 37. Qd1 Qb6 38. a4 Qb3 39. cxd5 cxd5 40. Qxb3 Rxb3 41. Rc1 Rxd3 42. Rc7+ Kh6 43. Rc6 Rd1+ 44. Kh2 d4 45. Rxa6 Kg5 46. Re6 Kf5 47. Rd6 Ra1 48. f4 Rxa4 49. fxe5 Kxe5 50. Rxg6 Kf5 51. Rd6 Ke5 52. Rh6 Ra1 53. Rxh5+ Ke4 54. Rh4+ Ke5 55. Rh5+ Kd6 56. Kg3 d3 57. Rh4 Kc5 58. Rh5+ Kc4 59. Rh4+ Kc3 60. Rf4 Kc2 61. Rc4+ Kb3 62. Re4 Kc2 63. Re3 Kc3 64. Rxd3+ Kxd3 1/2-1/2

[Event "GER-ch Seniors"]
[Site "Dresden"]
[Date "2012.08.12"]
[Round "4"]
[White "Schiessl, Hanns"]
[Black "Elkendorf, Werner"]
[Result "1-0"]
[WhiteElo "1743"]
[BlackElo "1625"]
[PlyCount "45"]
[EventDate "2012.08.09"]
[EventType "swiss"]
[EventRounds "9"]
[EventCountry "GER"]
[SourceTitle "EXT 2014"]
[Source "ChessBase"]
[SourceDate "2013.11.20"]
[SourceVersion "1"]
[SourceVersionDate "2013.11.20"]
[SourceQuality "1"]

1. e4 e5 2. Nf3 d6 3. d4 exd4 4. Qxd4 h6 5. Be3 a6 6. Nc3 Be6 7. Rd1 Nc6 8. Qd2 Nf6 9. Nd4 Qd7 10. Be2 b5 11. Bf3 Ne5 12. Bf4 Nxf3+ 13. Nxf3 Qc6 14. e5 Ne4 15. Nxe4 Qxe4+ 16. Qe3 Qb4+ 17. Qd2 Qxd2+ 18. Rxd2 g5 19. Be3 Bg7 20. Nh4 gxh4 21. Rd3 0-0 22. Rf1 c5 23. h3 1-0